Personnages Pretty Little Liars - Statistiques

Statistiques générales
  • Ce quiz a été pris 1 122 fois
  • Le résultat moyen est 26 sur 50
Statistiques - réponses
Family's name Name % Correct
Hastings Spencer
99%
Montgomery Aria
98%
DiLaurentis Alison
96%
Fields Emily
96%
Marin Hanna
96%
Cavanaugh Toby
93%
Fitz Ezra
92%
Hastings Mélissa
90%
DiLaurentis Jason
87%
Vanderwaal Mona
87%
Cavanaugh Jenna
81%
Rivers Caleb
79%
St-Germain Maya
79%
Montgomery Ella
77%
Montgomery Mike
77%
Marin Ashley
76%
Drake Cece
73%
Fields Pam
71%
Kahn Noel
69%
Hastings Veronica
67%
Montgomery Byron
63%
DiLaurentis Jessica
61%
McCullers Paige
54%
Marin Tom
53%
Drake Mary
52%
Hastings Peter
51%
Thomas Ian
48%
Reynolds Garrett
46%
Kingston Wren
45%
Gottesman Lucas
44%
Wilden Darren
36%
Fields Wayne
33%
Ackard Sean
32%
St-Germain Nate
31%
DiLaurentis Kenneth
27%
Fitz Wesley
27%
Sullivan Anne
23%
Holbrook Gabriel
23%
Molina Jackie
23%
Tanner Linda
23%
Cook Samara
22%
Randall Kate
20%
Fring Shana
19%
Randall Isabel
13%
Hobbs Travis
13%
Driscoll Sydney
12%
Calderon Lorenzo
11%
Cutler Maggie
11%
Sorenson Meredith
11%
Strauss Holden
9%
Aucun quiz correspondant
Distribution des résultats
% des personnes avec chaque résultat
Percentile par nombre de réponses
Votre historique - résultats
Vous n’avez pas pris ce quiz